| 000 | 00520nam a22001817a 4500 | ||
|---|---|---|---|
| 003 | LK-CoDNM | ||
| 005 | 20241220093112.0 | ||
| 008 | 241220b |||||||| |||| 00| 0 eng d | ||
| 040 |
_aLK-CoDNM _dLK-CoDNM _eLK-CoDNM |
||
| 041 | _aeng | ||
| 080 |
_a2 _bL1 |
||
| 245 | _aAn account of the Indian Triaxonia collected by the royal Indian marine survey ship investigator | ||
| 260 |
_aCalcutta _bThe trustees of the Indian museum _c1902 |
||
| 300 | _b113p. ; 28 cm | ||
| 650 | _a1902 | ||
| 650 | _aScience | ||
| 942 | _cBK | ||
| 999 |
_c233743 _d233743 |
||